Name the Scientists - Statistics

General Stats
  • This quiz has been taken 693 times
  • The average score is 8 of 10
Answer Stats
Hint Answer % Correct
She was the first person to win the Nobel Prize twice, and is renowned for her research on radioactivity Marie Curie
96%
This British naturalist wrote "On the Origin of Species" Charles Darwin
95%
He's known for his discovery of Jupiter's largest moons, Saturn's rings, and sunspots Galileo Galilei
94%
He invented and patented the first telephone Alexander Graham Bell
92%
This Serbian inventor and physicist invented the first AC motor Nikola Tesla
89%
A famous space telescope is named after this individual Edwin Hubble
87%
He's most commonly known for his artwork, but is also known for his studies of the human anatomy and designs of futuristic technology Leonardo Da Vinci
87%
He was the first modern European to propose that Earth and the other planets revolve around the sun Nicolaus Copernicus
84%
This Scotsman changed modern medicine forever upon discovering penicillin Alexander Fleming
74%
She is sometimes referred to as the world's first computer programmer, having written the world's first machine algorithm back in the 1840s Ada Lovelace
40%
No matching quizzes found
Score Distribution
Percent of People with Each Score
Percentile by Number Answered
Your Score History
You have not taken this quiz